000 01281nam a22002177a 4500
999 _c62097
_d62097
003 Ge_BSU
005 20240709122411.0
008 240709s2024 ge ||||| |||| 00| 0 geo d
020 _a9789941860072
041 _ageo
080 _a58(085.8) კ-98
100 _aკუჭუხიძე, ჯუმბერ.
_e ავტორი.
_922771
245 _aბოტანიკა = Botany :
_bსახელმძღვანელო თსსუ ფარმაციის ფაკულტეტის და სხვა უმაღლესი საგანმანათლებლო დაწესებულებების ფარმაციის მიმართულების სტუდენტებისათვის /
_cჯუმბერ კუჭუხიძე, მალხაზ ჯოხაძე ; რედ. შოთა ჭანიშვილი.
250 _aმე-2 გამოცემა.
264 _aთბილისი,
_c 2024.
300 _a242 გვ. :
_b ილ. ;
_c30 სმ.
653 _aბოტანიკა
700 _a ჯოხაძე, მალხაზ
_922772
700 _a ჭანიშვილი, შოთა
_eრედაქტორი
_922773
942 _2udc
_cᲬᲘᲒᲜᲘ